000 00390nam a2200169Ia 4500
003 0STCL
008 150530s9999 xx 000 0 und d
040 _aSTCL
_cSTCL
100 _aHardy, G.H.
245 _aCourse of pure mathematics
250 _aSeventh
260 _bCambridge university
_c1938
546 _aEnglish
942 _2ddc
_cBK
999 _c23682
_d23682
005 20220125165959.0